[Event "ENG-ch Seniors 65"]
[Site "Kenilworth"]
[Date "2024.05.26"]
[Round "4"]
[White "Hawkins, James Nick"]
[Black "Carpenter, David J"]
[Result "1-0"]
[WhiteElo "1930"]
[BlackElo "1635"]
[PlyCount "53"]
[EventDate "2024.05.24"]
[EventType "swiss"]
[EventRounds "7"]
[EventCountry "ENG"]
[SourceTitle "CB22_2024"]
[SourceDate "2024.05.29"]
[SourceVersion "1"]
[SourceVersionDate "2024.05.29"]
[SourceQuality "1"]

1. e4 g6 2. d4 Bg7 3. Nc3 d6 4. Be3 Nd7 5. Qd2 Ngf6 6. f3 e5 7. 0-0-0 0-0 8. d5 a6 9. g4 b5 10. Bh6 b4 11. Nce2 a5 12. h4 Ne8 13. Ng3 Bxh6 14. Qxh6 Qf6 15. Bg2 Nc5 16. N1e2 Qg7 17. Qd2 f6 18. Rdg1 Bd7 19. Bh3 c6 20. Nf5 Bxf5 21. gxf5 Kh8 22. dxc6 Qf7 23. Kb1 Ra6 24. fxg6 hxg6 25. Qh6+ Kg8 26. Rxg6+ Ng7 27. Rhg1 1-0

[Event "ENG-ch Seniors 65"]
[Site "Leamington Spa"]
[Date "2023.05.06"]
[Round "4"]
[White "Pollyn, Stephen"]
[Black "Carpenter, David J"]
[Result "1-0"]
[WhiteElo "1791"]
[BlackElo "1497"]
[PlyCount "83"]
[EventDate "2023.05.04"]
[EventType "swiss"]
[EventRounds "7"]
[EventCountry "ENG"]
[SourceTitle "CBM 214 Extra"]
[Source "ChessBase"]
[SourceDate "2023.07.31"]
[SourceVersion "1"]
[SourceVersionDate "2023.07.31"]
[SourceQuality "1"]

1. e4 g6 2. d4 Bg7 3. Nc3 d6 4. Bg5 h6 5. Bf4 Nf6 6. Qd2 h5 7. 0-0-0 0-0 8. h3 b6 9. f3 Bb7 10. Nge2 Na6 11. g4 c5 12. d5 Nc7 13. Ng3 h4 14. Nge2 b5 15. Qe1 b4 16. Na4 Nb5 17. Bd2 Qa5 18. b3 Nd7 19. Qxh4 Bf6 20. Bg5 Bxg5+ 21. Qxg5 Rfe8 22. h4 Nf6 23. h5 Nh7 24. Qh6 g5 25. f4 f6 26. fxg5 fxg5 27. Qe6+ Kh8 28. Qf7 Qc7 29. Ng3 Rf8 30. Qg6 Rf6 31. Bxb5 Rg8 32. e5 Rfxg6 33. hxg6 Rxg6 34. Bd3 Rg7 35. Nf5 Rf7 36. e6 Rf6 37. Nxe7 Qxe7 38. Rxh7+ Qxh7 39. Bxh7 Bxd5 40. Rxd5 Kxh7 41. Rxd6 Rf8 42. Nxc5 1-0